000 00570nam a2200181 4500
001 109249
003 ES-MaACL
005 20250911063545.0
007 t|
008 061121s1968 sp r ||||1| spa d
100 1 _aVon Mises, Ludwig,
_d1881-1973
_9173826
245 1 3 _aLa acción humana
_b: (Tratado de Economía) /
_cLudwig von Mises; traduce, Joaquín Reig Albiol.
260 _aMadrid :
_bSopec.,
_c1968.
300 _a1070 p. ;
_c21 cm.
700 0 _aReig Albiol, Joaquín.
_995998
852 _aES-MaACL
_jC-34112
_bR.64748
999 _c109249
_d109249